Análisis e implementación de la metodología EVIAVE para la evaluación del impacto ambiental de botaderos municipales : (Registro nro. 8732)
[ vista simple ]
| 000 -CABECERA | |
|---|---|
| Campo de control | 02410nam a22003377a 4500 |
| 005 - FECHA Y HORA DE LA ULTIMA TRANSACCION | |
| Campo de control | 20150901100448.0 |
| 008 - ELEMENTOS DE LONGITUD FIJA—INFORMACION GENERAL | |
| Campo de control | 110919s2011 ck ab gr 00010 spa d |
| 020 ## - ISBN | |
| ISBN | 9789587196450 |
| 040 ## - FUENTE DE CATALOGACIÓN | |
| Agencia catalogadora original | CO-BoIAVH |
| Agencia transcriptora | CO-BoIAVH |
| 041 0# - IDIOMA | |
| Código de idioma para texto/pista de sonido o título separado | Español |
| 044 ## - PAÍS DE PUBLICACIÓN | |
| País de publicación | Colombia |
| 082 04 - NUMERO DE CLASIFICACION DECIMAL DEWEY | |
| Número de clasificación | 363.7285 |
| Número del ítem | F71a |
| 100 1# - ASIENTO PRINCIPAL--NOMBRE PERSONAL | |
| Nombre personal | Forero-González, Jorge. |
| 9 (RLIN) | 27241 |
| 245 10 - MENCION DE TITULO | |
| Título | Análisis e implementación de la metodología EVIAVE para la evaluación del impacto ambiental de botaderos municipales : |
| Parte restante del título | estudio de caso en la jurisdicción de la CAR - Cundinamarca / |
| Mención de responsabilidad | Jorge Orlando Forero González |
| 246 ## - FORMA VARIANTE DEL TITULO | |
| Título propiamente dicho/forma breve del título | Análisis e implementación de la metodología EVIAVE : |
| Parte restante del título | evaluación del impacto ambiental de botaderos municipales |
| 260 ## - PUBLICACION, DISTRIBUCION, ETC. (PIE DE IMPRENTA) | |
| Lugar de publicación, distribución, etc. | Bogotá: |
| Nombre del editor, distribuidor, etc. | Universidad Nacional de Colombia. Instituto de Estudios Ambientales, |
| Fecha de publicación, distribución, etc. | 2011. |
| 300 ## - DESCRIPCION FISICA | |
| Extensión | 232 p. : |
| Otros detalles físicos | il., mapas ; |
| Dimensiones | 23 cm. |
| 490 0# - MENCION DE SERIE | |
| Mención de serie | Ideas ; |
| Designación numérica/secuencial del volumen | 20 |
| 502 ## - NOTA DE TESIS | |
| Nota de tesis | Tesis (Magíster en Medio Ambiente y Desarrollo). - - Universidad Nacional de Colombia. Instituto de Estudios Ambientales, 2009. |
| 504 ## - NOTA DE BIBLIOGRAFIA, ETC. | |
| Nota de bibliografía | Incluye bibliografías. |
| 505 0# - NOTA DE CONTENIDO | |
| Nota de contenido | Referentes de la problemática ; Justificación ; Objetivos ; Enfoque ambiental ; Antecedentes y marco conceptual ; Antecedentes ; Características de los residuos sólidos ; Los residuos sólidos en el contexto global ; La gestión ambiental ; Gestión integral de los residuos sólidos ; La evaluación del impacto ambiental EIA ; Los residuos sólidos en Colombia ; Generalidades ; Gestión de los residuos sólidos ; Las licencias ambientales ; Metodología ; Estudio de caso ; Hipótesis ; Fases del trabajo ; Metodología "EVIAVE - FUZZYNET" ; Resultados y análisis ; Vertederos del estudio de caso ; Análisis y aportes a EVIAVE para su implementación ; Evaluación ambiental de los vertederos ; Conclusiones. |
| 650 #4 - ASIENTO SECUNDARIO DE MATERIA - TERMINO TEMATICO | |
| Término temático o nombre geográfico como elemento de entrada | Vertederos de residuos |
| Subdivisión general | Investigaciones |
| Subdivisión geográfica | Cundinamarca (Colombia) |
| Subdivisión de forma | Tesis y disertaciones académicas. |
| 9 (RLIN) | 37800 |
| 650 #4 - ASIENTO SECUNDARIO DE MATERIA - TERMINO TEMATICO | |
| Término temático o nombre geográfico como elemento de entrada | Vertederos de residuos |
| Subdivisión geográfica | Cundinamarca (Colombia) |
| Subdivisión de forma | Estudio de casos. |
| 9 (RLIN) | 37801 |
| 650 #4 - ASIENTO SECUNDARIO DE MATERIA - TERMINO TEMATICO | |
| Término temático o nombre geográfico como elemento de entrada | Almacenamiento de residuos. |
| 9 (RLIN) | 37802 |
| 650 #4 - ASIENTO SECUNDARIO DE MATERIA - TERMINO TEMATICO | |
| Término temático o nombre geográfico como elemento de entrada | Residuos sólidos |
| Subdivisión general | Clasificación. |
| 9 (RLIN) | 37803 |
| 650 ## - ASIENTO SECUNDARIO DE MATERIA - TERMINO TEMATICO | |
| Término temático o nombre geográfico como elemento de entrada | Tratamiento de residuos |
| Subdivisión general | Investigaciones. |
| 9 (RLIN) | 37804 |
| 650 #4 - ASIENTO SECUNDARIO DE MATERIA - TERMINO TEMATICO | |
| Término temático o nombre geográfico como elemento de entrada | Gestión ambiental |
| Subdivisión general | Metodología. |
| 9 (RLIN) | 37805 |
| 650 #4 - ASIENTO SECUNDARIO DE MATERIA - TERMINO TEMATICO | |
| Término temático o nombre geográfico como elemento de entrada | Evaluación del impacto ambiental |
| Subdivisión general | Metodología. |
| 9 (RLIN) | 37806 |
| 650 #4 - ASIENTO SECUNDARIO DE MATERIA - TERMINO TEMATICO | |
| Término temático o nombre geográfico como elemento de entrada | Gestión ambiental |
| Subdivisión general | Investigaciones. |
| 9 (RLIN) | 37807 |
| 942 ## - ELEMENTOS ADICIONALES (KOHA) | |
| Sistema de clasificación | Dewey Decimal Classification |
| Tipo de ítem | Libro |
| Withdrawn status | Lost status | Sistema de Clasificación | Damaged status | No para préstamo | Colección | Inventariado | Ubicación Permanente | Ubicación actual | Fecha de adquisición | Fuente de Valor | Valor | Total Checkouts | Número topográfico | Inventario / Código de Barras | Date last seen | Ejemplar | Price effective from | Forma de adquisición | Tipo de material |
|---|---|---|---|---|---|---|---|---|---|---|---|---|---|---|---|---|---|---|---|
| Dewey Decimal Classification | General | Inventariado 2017 | Bogotá | Bogotá | 25/09/2014 | Instituto | 39000.00 | LB-363.7285 F71a | 034995 | 25/09/2014 | Ej. 1 | 25/09/2014 | Libro | ||||||
| Dewey Decimal Classification | General | Inventariado 2017 | Sala Fabio Quevedo | Sala Fabio Quevedo | 01/09/2015 | Instituto | 39000.00 | LB-363.7285 F71a | 038439 | 01/09/2015 | Ej. 2 | 01/09/2015 | Libro |